|
|
|
|
| LEADER |
00000cam a2200000 a 4500 |
| 001 |
vtls001065139 |
| 003 |
SK-MaSNL |
| 005 |
20260301152925.0 |
| 008 |
250916s1991 xo l grnf 00000 slo |
| 015 |
|
|
|a SNBA1991/02
|
| 020 |
|
|
|a 8008004193
|q (brožované)
|
| 035 |
|
|
|a 92BE0083-AE3B-49C9-A916-B2EC16FF266F
|
| 035 |
|
|
|a SNK000007969
|
| 035 |
|
|
|a urn:nbn:sk:snk-am002wdx
|
| 035 |
|
|
|a urn:nbn:sk:snk-amjan6
|
| 040 |
|
|
|a SNK
|b slo
|c SNK
|e AACR2
|
| 041 |
0 |
|
|a slo
|
| 044 |
|
|
|a xo
|c SK
|
| 072 |
|
7 |
|a 028
|x Čítanie
|2 konspekt
|
| 072 |
|
7 |
|a 373.2/.3
|x Predškolská a primárna výchova a vzdelávanie
|2 konspekt
|
| 080 |
|
|
|a 37.013.77
|2 2011
|
| 080 |
|
|
|a 028
|2 2011
|
| 080 |
|
|
|a 37.091.212
|2 2011
|
| 080 |
|
|
|a (035)
|2 2011
|
| 100 |
1 |
|
|a Čižmarovič, Štefan
|4 aut
|9 513981
|
| 245 |
1 |
0 |
|a Pedagogická diagnostika čítania mladších žiakov
|c Štefan Čižmarovič, Valéria Kalná
|
| 250 |
|
|
|a 1. vyd.
|
| 260 |
|
|
|a Bratislava
|b Slovenské pedagogické nakladateľstvo
|c 1991
|
| 300 |
|
|
|a 89 strán
|b tabuľky
|c 21 cm
|
| 504 |
|
|
|a Bibliografia na strane 89
|
| 650 |
0 |
7 |
|a čítanie
|2 SNKPH
|9 1654
|
| 650 |
0 |
7 |
|a pedagogická diagnostika
|2 SNKPH
|9 4068
|
| 650 |
0 |
7 |
|a mladší žiaci
|2 SNKPH
|9 513982
|
| 650 |
0 |
7 |
|a žiaci
|2 SNKPH
|9 16621
|
| 655 |
|
7 |
|a príručky
|2 SNKPH
|9 74364
|
| 700 |
1 |
|
|a Kalná, Valéria
|4 aut
|9 342872
|
| 852 |
|
|
|a Slovenská národná knižnica
|
| 919 |
|
|
|a 80-08-00419-3
|
| 954 |
|
|
|a odborná, vedecká literatúra pôvodná (slovenská)
|2 lita
|
| 958 |
|
|
|a EUIPO
|
| 958 |
|
|
|a RK
|
| 958 |
|
|
|a TL
|
| 958 |
|
|
|a NB
|
| 958 |
|
|
|a OND
|
| 999 |
|
|
|c 790664
|d 792594
|
| 952 |
|
|
|a SNK
|b SNK
|y VYP
|7 0
|p 17A0022913
|o snkSC 79600 D1
|i snkKSP 4397/91
|0 0
|1 0
|4 0
|d 1996-11-29
|l 0
|r 2004-12-31 00:00:00
|w 2026-02-24
|
| 952 |
|
|
|a SNK
|b SNK
|y PREZ
|7 0
|p 17A0994060
|o snkSC 79600
|0 0
|1 0
|4 0
|d 2012-08-09
|l 0
|r 2026-02-24 01:35:13
|w 2026-02-24
|